| 000 | 00779nam a22002057a 4500 | ||
|---|---|---|---|
| 999 |
_c10852 _d10852 |
||
| 003 | AR-CdUCM | ||
| 008 | 190402b ||||| |||| 00| 0 spa d | ||
| 040 |
_aMUNICIPALIDAD PROVINCIAL DEL CUSCO _cBIBLIOTECA MUNICIPAL DEL CUSCO |
||
| 082 |
_a332.4 / _bM64 / 1932 |
||
| 100 |
_aMiro Quesada, Oscar _922976 |
||
| 245 |
_aLa moneda y el cambio : _bvulgarizaciones económicas / |
||
| 260 |
_aLima : _bGil, _c1932. |
||
| 300 |
_a281 páginas ; _bIlustraciones, _c21 cm. |
||
| 505 | _aContenido: El trueque primitivo -- Origen de la moneda -- La mercancía intermediaria -- Las diversas sustancias monetarias -- La moneda de metal -- La moneda acuñada ... | ||
| 650 |
_aMoneda _95487 |
||
| 650 |
_aEconomía _9382 |
||
| 650 |
_aComercio _9322 |
||
| 942 |
_2ddc _cLIBROS |
||
| 945 | _aacv | ||